000
00325nam a2200145Ia 4500
008
191201s2005 xx 000 0 und d
082
_a
658.15
_b
KNF
100
_a
KNOTT, Geoffrey
245
0
_a
Financial Management
250
_a
4th
260
_a
N.Delhi
_b
Palgra
_c
2005
300
_a
373
650
_a
MBA
942
_2
ddc
_c
BK
999
_c
3087
_d
3087